00646nam a2200169Ia 4500100002000000942000700020366000700027654002600034245002700060260003800087082001400125300000800139546001200147999001700159952015000176952015000326 aDieter/George.  cBK f15 aMechanical Metallurgy aMechanical Metallurgy. bMcgrqwhill Book Company.aLondon. a620.1/DIE a751 aENGLISH c31531d31531 001040708AFTaCRCEbCRCEc1620 | 93d2023-03-17eU.B.Dg276.25i5204/dt.19/01/2006l0o620.1/DIE pAFT7926r2023-03-17v325.00w0000-00-00yBK 001040708AFTaCRCEbCRCEc1620 | 93d2023-03-17eU.B.Dg276.25i1029/dt.25/01/2006l0o620.1/DIE pAFT7927r2023-03-17v325.00w0000-00-00yBK